Nelson Malone meets the man from Mush-Nut / (Record no. 9289)

MARC details
000 -LEADER
fixed length control field 01069pam a2200313 a 4500
001 - CONTROL NUMBER
control field 9289
003 - CONTROL NUMBER IDENTIFIER
control field FISKH
005 - DATE AND TIME OF LATEST TRANSACTION
control field 20251209103854.0
008 - FIXED-LENGTH DATA ELEMENTS--GENERAL INFORMATION
fixed length control field 851031s1986 nyua j b 001 1 eng
010 ## - LIBRARY OF CONGRESS CONTROL NUMBER
LC control number 85027529
020 ## - INTERNATIONAL STANDARD BOOK NUMBER
International Standard Book Number 071001002508
035 ## - SYSTEM CONTROL NUMBER
System control number 1915756
040 ## - CATALOGING SOURCE
Original cataloging agency DLC
Transcribing agency DLC
Modifying agency DLC
Language of cataloging eng
050 ## - LIBRARY OF CONGRESS CALL NUMBER
Classification number PZ7.H3126 N
082 ## - DEWEY DECIMAL CLASSIFICATION NUMBER
Classification number 813
100 1# - MAIN ENTRY--PERSONAL NAME
Personal name Hawes, Louise.
245 10 - TITLE STATEMENT
Title Nelson Malone meets the man from Mush-Nut /
Statement of responsibility, etc. Louise Hawes ; illustrated by Bert Dodson.
260 ## - PUBLICATION, DISTRIBUTION, ETC.
Place of publication, distribution, etc. New York :
Name of publisher, distributor, etc. Lodestar Books,
Date of publication, distribution, etc. 1986.
300 ## - PHYSICAL DESCRIPTION
Extent 116 pages :
Other physical details illustrations ;
Dimensions 20 cm
505 ## - FORMATTED CONTENTS NOTE
Formatted contents note P<br/>
520 ## - SUMMARY, ETC.
Summary, etc. Fifth grader Nelson Malone borrows a giant talking snake from his neighborhood witch, converts his sister's doll to a homework machine, and becomes embroiled in other comic misadventures.
521 8# - TARGET AUDIENCE NOTE
Target audience note 650<br/>
Source Lexile estimate<br/>
521 8# - TARGET AUDIENCE NOTE
Target audience note P<br/>
Source Raz-Plus<br/>
650 #1 - SUBJECT ADDED ENTRY--TOPICAL TERM
Topical term or geographic name entry element Humorous stories.
Source of heading or term chapter book
700 1# - ADDED ENTRY--PERSONAL NAME
Personal name Dodson, Bert,
Relator term illustrator
906 ## - LOCAL DATA ELEMENT F, LDF (RLIN)
a 7
b cbc
c orignew
d 1
e ocip
f 19
g y-gencatlg
942 ## - ADDED ENTRY ELEMENTS (KOHA)
Source of classification or shelving scheme Dewey Decimal Classification
Koha item type Books
Suppress in OPAC No
Holdings
Withdrawn status Lost status Source of classification or shelving scheme Damaged status Not for loan Collection Home library Current library Shelving location Date acquired Total Checkouts Full call number Barcode Date last seen Copy number Price effective from Koha item type
    Dewey Decimal Classification     Juvenile Fiction Footprints International School Library Network Toul Tom Poung Campus Footprints International School Library Network Toul Tom Poung Campus TTP Primary Orange Bookshelves 12/09/2025   HAW 813 PZ7.H3126 N 2025-5091 12/09/2025 1 12/09/2025 Books